LEADER 00860naa a2200217 u 4500 001 000000096479 003 CaOOAMICUS 005 20070226130146.0 008 041019s1993 it u000 u ita u 020 $a8802047375 035 $a11012216 040 $aIAR$bita 100 1 $aBolzoni, Lina.$0(OLS)http://pul/name/50026 245 10$aSapienza e natura :$bTelesio, Bruno e Campanella /$cLina Bolzoni. 260 $aTorino :$bUTET,$c1993. 300 $aS. 141-170 ;$c29 cm 773 0 $aL'Italia e la formazione della civiltà europea : La cultura civile. 773 0 $tL'Italia e la formazione della civiltà europea. 1, La cultura civile$w()19288 996 $6020$a8802047375$9(OLS)http://pul/number/24663 996 $6245$aSapienza e natura :$bTelesio, Bruno e Campanella$9(OLS)http://pul/title/123356 996 $6260$aTorino :$bUTET$9(OLS)http://pul/publisher/48088 LEADER 01193nam a2200277 a 4500 001 000000105546 003 CaOOAMICUS 005 20070611122517.0 008 070611s1997 mdu 000 u eng r 020 $a0-7618-0660-1 020 $a0-7618-0661-X 040 $aPUL$bita$dLDB 100 1 $aSalamone, Frank A.$0(OLS)http://pul/name/54547 245 10$aExplorations in anthropology and theology /$cFrank A. Salamone, Walter Randolph Adams. 260 $aLanham :$bUniversity Press of America,$cc1997. 300 $axii, 279 p. ;$c22 cm 504 $aBibliografia: p. [245]-267. 650 4$aTeologia e antropologia.$0(OLS)http://pul/subject/33337 700 1 $aAdams, Walter Randolph.$0(OLS)http://pul/name/64808 850 $aPUL 852 $aPUL$W1$xSL Filosofia 3$y81$m128 SALFR 1$j118284$qDDC 21$B118185$CPULBib$Z2$F118185 $H102659 $82 941 1 $a9 996 $6020$a0-7618-0660-1$9(OLS)http://pul/number/134742 996 $6020$a0-7618-0661-X$9(OLS)http://pul/number/134743 996 $6245$aExplorations in anthropology and theology$9(OLS)http://pul/title/132845 996 $6260$aLanham :$bUniversity Press of America$9(OLS)http://pul/publisher/55421